000 00497nam a22001817a 4500
005 20251108173622.0
008 250721s2006 xx 000 0 ara d
082 1 4 _a613/ جبا
100 1 _aالجبالي، حمزة
245 1 0 _aالصحة العامة /
264 1 _aعمان :
_bدار أسامة،
_c2006.
300 _a240ص.
650 1 7 _aالصحة العامة
650 1 7 _aالتربية الصحية
650 1 7 _aصحة البيئة
942 _2ddc
_cBK
999 _c108265
_d108265